000 00667cam a22002053a 4500
001 44974
003 PGUSA
005 20140828084028.0
008 140221s2014||||xxu|||||s|||||000 | eng d
040 _aPGUSA
_beng
042 _adc
100 1 _aH. L. L.
245 1 2 _aA short account of the extraordinary life and travels of H. L. L. :
_bnative of St. Domingo, now a prisoner of war at Ashbourn, in Derbyshire
_h[electronic resource] /
_cH. L. L.
260 _bProject Gutenberg,
_c2014
506 _aPublic domain in the USA.
516 _aElectronic text
830 0 _aProject Gutenberg
_v44974
856 4 0 _uhttp://www.gutenberg.org/ebooks/44974
942 _cEB
999 _c274225
_d274225